000 00362 a2200121 4500
001 ART_11456
005 20260410161857.0
008 260409a
245 1 0 _aLa promoción del desarrollo local y regional
100 1 _aFrediani, Ramón O.
700 1 _aBarone, Sergio
773 0 _tRevista de Economía
_g- Nº 72 (ene./mar. 1994)
_wREV11077
999 _c25593
_d25593